000
00328 a2200157 4500
001
62915
020
_a
9788546900886
040
_c
Anchieta - Pituba
100
_a
Sapkowski, Andrzej
240
1
0
_a
The Witcher
_l
por
245
1
0
_a
The Witcher
300
_a
450
362
0
_a
2016
650
4
_a
Literatura juvenil
942
_c
BK
999
_c
62915
_d
62915